00250nam a2200085Ia 4500001000800000005001700008008004100025245005500066260004300121116330620250827011700.0250824s9999 xx 000 0 und d 0aEN SEVGİLİ SÜPER KAHRAMANcROCİO BONİLLA bGÜNIŞIĞI KİTAPLIĞI YAYINLARI